| 000 | 00908nam a2200193 i 4500 | ||
|---|---|---|---|
| 001 | 103038 | ||
| 003 | ES-MaACL | ||
| 005 | 20230906183243.0 | ||
| 007 | t| | ||
| 008 | 051230s1746 xxk ||||1| fre d | ||
| 080 | _a821.133.1-23"16" | ||
| 100 | 1 |
_aCorneille, Pierre. _940602 |
|
| 245 | 1 | 4 | _aLes chef-d'oeuvres dramatiques de Mrs. Corneille, avec le jugement des sçavans á la suite de chaque pièce. |
| 260 |
_aOxford : _b[s.n., _c1746?] |
||
| 300 |
_a2 v. ([8]-384 p., [4]-382-[2] p.) ; _c17 cm. |
||
| 505 | 8 | _aContiene: V. 1.: Tragedies de P. Corneille: Le Cid ; Horace ; Cinna ; Polyeucte ; La mort de Pompée ; Entrevue de Sertorius et de Pompée, tirée du troisième acte de la tragédie de Sertorius -- v. 2.: Tragedies de P. Corneille: Rodogune ; Heraclius ; Othon. Tragedies de T. Corneille: Ariane ; Le Comte d'Essex | |
| 700 | 1 |
_aCorneille, Thomas. _940604 |
|
| 852 |
_aES-MaACL _jR-3464-65 |
||
| 999 |
_c103038 _d103038 |
||